Matematica Pazza - Click Quiz - Statistics

Statistiche generali
  • Questo quiz è stato fatto 879 volte
  • Il punteggio medio è 18 su 30
Statistiche sulle risposte
Hint Risposta % Corretto
1+1 2
99%
Qual è il numero più grande qui? 4
98%
3-1 2
94%
2+1 3
93%
12/4 3
91%
4-2 2
90%
3^1 3
88%
-4+6 2
87%
2(3-1) 4
85%
2^2 4
84%
2^0 1
83%
5/2.5 2
83%
9-8 1
82%
Radice cubica di 27 3
81%
40/10 4
81%
(2^3)/(2^2) 2
80%
2/1 2
77%
6(1/2) 3
57%
Radice quadrata di 4 2
47%
48/24+2 4
44%
30-58/2 1
33%
56/8-4 3
23%
(-4)^2-15 1
20%
6/(4+2) 1
16%
(20-10)/5 2
14%
2x+4=10 trova il valore di x 3
11%
2x+4=7x-1 trova il valore di x 1
6%
Il più piccolo numero naturale 1
6%
2^2 4
5%
Quanti divisori positivi ha il numero 6? 4
2%
Nessun quiz corrispondente trovato
Distribuzione punteggi
Percentuale di utenti per punteggio
Percentile per numero di risposta
I tuoi punteggi nel tempo
Non hai fatto questo quiz